| 000 | 01773 a2200313 4500 | ||
|---|---|---|---|
| 003 | Nust | ||
| 005 | 20170207154052.0 | ||
| 010 | _a 2009001799 | ||
| 020 | _a0470405457 (cloth) | ||
| 020 | _a9780470405451 (cloth) | ||
| 035 | _a(OCoLC)ocn277196639 | ||
| 040 | _cNust | ||
| 082 | 0 | 0 | _a537.015118 |
| 100 | 1 | _aYu Zhang, Tapan K. Sarkar . | |
| 245 | 1 | 0 |
_aParallel solution of integral equation-based EM problems in the frequency domain (E-Book) _cYu Zhang, Tapan K. Sarkar . |
| 260 |
_aHoboken, N.J. : _bWiley : _bIEEE Press, _cc2009. |
||
| 300 |
_axx, 341 p. : _bill. ; _c25 cm. |
||
| 490 | 1 | _aWiley series in microwave and optical engineering | |
| 505 | 0 | _aIn-core and out-of-core LU factorization for solving a matrix equation -- A parallel MoM code using RWG basis functions and ScaLAPACK-based in-core and out-of-core solvers -- A parallel MoM code using higher-order basis functions and ScaLAPACK-based in-core and out-of-core solvers -- Tuning the performance of a parallel integral equation solver -- Refinement of the solution using the iterative conjugate gradient method -- A parallel MoM code using higher-order basis functions and PLAPACK-based in-core and out-of-core solvers -- Applications of the parallel frequency-domain integral equation solver : TIDES. | |
| 650 | 0 |
_aElectromagnetic fields _xMathematical models. |
|
| 650 | 0 |
_aElectromagnetic waves _xMathematical models. |
|
| 650 | 0 |
_aElectromagnetism _xData processing. |
|
| 650 | 0 | _aIntegral domains. | |
| 650 | 0 | _aParallel processing (Electronic computers) | |
| 650 | 0 | _aTime-domain analysis. | |
| 651 | _aParallel solution of integral equation-based EM problems in the frequency domain (E-Book) | ||
| 700 | 1 | _aSarkar, Tapan | |
| 830 | 0 | _aWiley series in microwave and optical engineering. | |
| 942 |
_2ddc _cBK |
||
| 999 |
_c193181 _d193181 |
||